| 000 | 00353nam a2200121 4500 | ||
|---|---|---|---|
| 008 | 180210b xxu||||| |||| 00| 0 eng d | ||
| 100 |
_926330 _aPangan, Benjie R. |
||
| 245 |
_aThe heavy load of Senior High students/ _cBenjie R. Pangan |
||
| 260 |
_aDavao City: _bSun Star Davao _cc2017 |
||
| 300 | _apage 9 | ||
| 650 | 0 |
_926331 _aEducation |
|
| 942 |
_2ddc _cPER |
||
| 999 |
_c8540 _d8540 |
||